000 00581cam a22002051 4500
001 af 48002672
003 DLC
005 20260227110856.0
008 890405s1943 be 000 1 dut c
010 _aaf 48002672
035 _a(OCoLC)19500403
040 _aCalifornia. Univ. Libr.
_cCU
_dDLC
042 _apremarc
050 0 0 _aPT2638.O73
_bP54
100 1 _aScholz, Wilhelm von,
_d1874-
245 1 0 _aPlicht,
_bnovelle.
_c[Nederlandsche vertaling van Henri Bruning]
260 _aBrussel,
_bMeddens
_c[1943]
300 _a48 p.
_c19 cm.
700 1 _aBruning, Henri,
_d1900-
_etr.
999 _c5148
_d5148